00684 2200229 4500001002100000005001700021008004100038020002200079035002500101040001200126082000800138084001800146090001800164100001700182245011500199250001100314260002700325300003500352650003300387700002200420850001200442INLIS00000000000223720150223102555.0  a978-979-29-3702-2 a0010-021500000000501 aYOPDYOG a248 aDEP 248 All K aDEP 248 All K aALLAN, Nigel aThe Key to life : Menyingkapkan rahasia anda dengan kunci kehidupanc/ Nigel Allah ; penerjemah, Arvin Saputra aCet. 1 aYogyakartabAndic2014 ax, 237 hlm.b: ilus.c; 24 cm. aKehidupan Beragama (Kristen) aII. Arvin Saputra aYOPDYOG